000 00517nam a2200181Ia 4500
999 _c22675
_d22675
003 OSt
005 20200323103703.0
008 190216s9999||||xx |||||||||||||| ||und||
020 _a9788178983325
040 _coclc
082 _a297
_bAHM/B
100 _a Ahamed, Hasanuddin
_92152
245 2 _aA Brief History Of Islam /
_cHasanuddin Ahamed
260 _bGood Word Books,
_a New Delhi:
_c2006.
300 _a593p
650 _aIslamic History
942 _cBK
_2ddc
_h297
_iAHM/B
_k297
_mAHM/B